000 00316nam a2200133Ia 4500
005 20260328101521.0
008 260328s9999||||xx |||||||||||||| ||und||
100 _aKlein, Caroline
245 0 _aAi Wei Wei Architecture /
_cCaroline Klein
260 _bDaab
300 _a175 p.
650 _aARQUITECTOS
942 _cBK
999 _c9606
_d9606